000 00466nam a22001812 4500
001 0000002645
005 20151217151900.0
008 070417s xx 000 0 eng d
040 _aKABU
_cKABU
050 0 _aPG3476
_b.P27D63
100 1 _aPasternak, Boris.
_@0000152096
245 1 0 _aDoctor Zhivago.
260 _aNew York :
_bPantheon,
_c1958.
300 _a559 p.
908 _a070417
950 _@1
999 _c5952
_d5952